Estatísticas para NBB - Novo Basquete Brasil MVP's

Clique aqui para jogar o quiz

Estatísticas Gerais

  • Esse quiz foi jogado 44 vezes
  • A pontuação média é 6 de 11

Estatísticas das Respostas

HintResposta% Correto
2012/13Marquinhos
93%
2015/16Marquinhos
93%
2017/18Marquinhos
93%
2014/15Alex Garcia
52%
2010/11Guilherme Giovannoni
52%
2008/09Marcelinho Machado
48%
2009/10Marcelinho Machado
48%
2013/14David Jackson
36%
2016/17Desmond Holloway
36%
2018/19J. P. Batista
31%
2011/12Murilo Becker
24%

Distribuição das Pontuações

Percentil de Números Respondidos

Porcentagem de Pessoas com Cada Pontuação

Sua Pontuação Histórica

Você não jogou esse quiz